000 00498cam a2200193ua 4500
001 7291
008 141206n ii |||gr||||Z||||||ben
040 _cMAIN
041 _aben
082 _a891.444
100 _aKripaloni, K.,
_eAuthor.
245 1 _aDwarkanath Tagore :
_bForgotten pioneer /
_cBt Krishna Kripaloni .
250 _a1st.
260 _aNew Delhi:
_bNational,
_c1980.
300 _a366p.
653 _aBengali essays
700 _aPathikrit, Bismrita,
_eTranslator.
942 _cBK
999 _c6416
_d6416